LEADER 02332nam2 22005773i 450 001 VAN00297513 005 20260227014755.830 017 70$2N$a9783642591181 100 $a20250826d1997 |0itac50 ba 101 $aeng 102 $aDE 105 $a|||| ||||| 181 $ai$b e 182 $ab 183 $acr 200 0 $a1$fChristoph W. Ueberhuber 210 $aBerlin$cSpringer$d1997 215 $aXVI, 474 p.$cill.$d24 cm 461 1$1001VAN00302654$12001 $aNumerical computation$emethods, software, and analysis$fChristoph W. Ueberhuber$1210 $aBerlin$cSpringer$d1997$1215 $a2 volumi$cill.$d24 cm$v1 606 $a65-XX$xNumerical analysis [MSC 2020]$3VANC019772$2MF 606 $a68-XX$xComputer science [MSC 2020]$3VANC019670$2MF 610 $aAlgorithms$9KW:K 610 $aAnalysis$9KW:K 610 $aArchitecture$9KW:K 610 $aComplexity$9KW:K 610 $aComputers$9KW:K 610 $aModeling$9KW:K 610 $aModels$9KW:K 610 $aNumerical Analysis$9KW:K 610 $aNumerical integration$9KW:K 610 $aNumerical methods$9KW:K 610 $aNumerics$9KW:K 610 $aOptimization$9KW:K 610 $aTransformations$9KW:K 620 $dBerlin$3VANL000066 700 1$aÜberhuber$bChristoph W.$3VANV039120$01899189 712 $aSpringer $3VANV108073$4650 790 1$aÜberhuber, Christoph Wilhelm$zÜberhuber, Christoph W.$3VANV261835 790 1$aÜberhuber, C. W.$zÜberhuber, Christoph W.$3VANV261836 790 1$aÜberhuber, C.W.$zÜberhuber, Christoph W.$3VANV261837 790 1$aUeberhuber, Christoph W.$zÜberhuber, Christoph W.$3VANV261838 790 1$aUeberhuber, C. W.$zÜberhuber, Christoph W.$3VANV261839 790 1$aUeberhuber, C.W.$zÜberhuber, Christoph W.$3VANV261840 801 $aIT$bSOL$c20260410$gRICA 856 4 $uhttps://doi.org/10.1007/978-3-642-59118-1$zE-book ? Accesso al full-text attraverso riconoscimento IP di Ateneo, proxy e/o Shibboleth 899 $aBIBLIOTECA DEL DIPARTIMENTO DI MATEMATICA E FISICA$1IT-CE0120$2VAN08 912 $fN 912 $aVAN00297513 950 $aBIBLIOTECA DEL DIPARTIMENTO DI MATEMATICA E FISICA$d08DLOAD e-Book 12390 $e08eMF12390 20250929 996 $a1$94558549 997 $aUNICAMPANIA